Lei de licitações e contratos administrativos : (Record no. 1356)
[ view plain ]
| 000 -LÍDER | |
|---|---|
| Campo Fixo de Controle | 01172nam a2200289 a 4500 |
| 001 - NÚMERO DE CONTROLE | |
| Campo de Controle | 1356 |
| 003 - IDENTIFICAÇÃO DO NÚMERO DE CONTROLE | |
| Campo de Controle | BR-CuiBMT |
| 005 - DATA E HORA DA ÚLTIMA ATUALIZAÇÃO | |
| Campo de Controle | 20231205211434.0 |
| 008 - DADOS FIXOS | |
| Dados Fixos | 230824s2015 prba 001 0 por d |
| 020 ## - INTERNATIONAL STANDARD BOOK NUMBER | |
| Nº do ISBN | 9788599369272 |
| 040 ## - AGÊNCIA CATALOGADORA | |
| Código da Agência Catalogadora | BR-CuiBMT |
| Agência que transcreveu o registro | BR-CuiBMT |
| 080 ## - Nº DA CLASSIFICAÇÃO DECIMAL UNIVERSAL | |
| Nº Class. CDU | 351.712.2.02 |
| Nº edição CDU | 2007 |
| 090 ## - NÚMERO DE CHAMADA | |
| Nº classificação | 351.712.2.02 |
| Cutter | L525 |
| Ano/Edição | 33. ed. |
| 245 00 - TÍTULO PRINCIPAL | |
| Título principal | Lei de licitações e contratos administrativos : |
| Subtítulo | Lei nº 8.666, de 21 de junho de 1993, com alterações posteriores / |
| Indicação de responsabilidade | organização, notas e revisão Renato Geraldo Mendes, Anadricea Vicente de Almeida, Alessandra Corrêa Santos. |
| 250 ## - EDIÇÃO | |
| Edição | 33. ed., rev., atual. |
| 260 ## - PUBLICAÇÃO, DISTRIBUIÇÃO, ETC. | |
| Local de publicação | Curitiba : |
| Editora | Zenite, |
| Data | 2015. |
| 300 ## - DESCRIÇÃO FÍSICA | |
| N. páginas ou volumes | 480 p. ; |
| Ilustrações | il. ; |
| Dimensões | 23 cm |
| 504 ## - NOTA DE BIBLIOGRAFIA, ETC. | |
| Nota de bibliografia | Inclui bibliografia e índice. |
| 610 14 - ASSUNTO -- ENTIDADE | |
| Nome da Entidade ou lugar | Brasil. |
| Título da publicação | Lei n. 8.666, de 21 de junho de 1993 |
| 650 ## - ASSUNTO TÓPICO | |
| Cabeçalho tópico ou nome geográfico | Licitações e contratos |
| Subdivisão de forma | Legislação |
| Subdivisão geográfica | Brasil |
| 650 ## - ASSUNTO TÓPICO | |
| Cabeçalho tópico ou nome geográfico | Contratação pública |
| Subdivisão geral | Normas de controle |
| Subdivisão geográfica | Brasil |
| 650 ## - ASSUNTO TÓPICO | |
| Cabeçalho tópico ou nome geográfico | Contratação de obras e serviço |
| Subdivisão geral | Licitação |
| Subdivisão cronológica | Brasil |
| 700 1# - ENTRADA SECUNDÁRIA -- NOME PESSOAL | |
| Nome pessoal | Mendes, Renato Geraldo |
| Cód. do termo explicativo | org. |
| 700 1# - ENTRADA SECUNDÁRIA -- NOME PESSOAL | |
| Nome pessoal | Almeida, Anadricea Vicente de |
| Cód. do termo explicativo | org. |
| 700 1# - ENTRADA SECUNDÁRIA -- NOME PESSOAL | |
| Nome pessoal | Santos, Alessandra Corrêa |
| Cód. do termo explicativo | org. |
| 942 ## - ELEMENTOS DE ENTRADA ADICIONAIS (KOHA) | |
| Fonte de classificação ou esquema de arquivamento | Classificação Decimal Universal |
| Tipo de item do Koha | Livros |
| Estado: removido | Estado: perdido | Fonte de classificação ou esquema de arquivamento | Estado: danificado | Indisponível para empréstimo | Localização permanente | Localização atual | Data de aquisição | Total Checkouts | Número de Chamada completo | Código de barras | Date last seen | Número do exemplar | Preço efetivo a partir de | Tipo de item (Koha) |
|---|---|---|---|---|---|---|---|---|---|---|---|---|---|---|
| Classificação Decimal Universal | Biblioteca da Escola Superior de Contas do TCE/MT | Biblioteca da Escola Superior de Contas do TCE/MT | 05/12/2023 | 351.712.2.02 L525 33. ed. | BIBTCEMT23120233 | 05/12/2023 | Ex. 1 | 05/12/2023 | Livros |